01009nam a2200229 a 450000100100000000500170001000800410002704000250006808200210009310000380011424500550015226000360020730000200024359000260026365000280028965000310031791000380034895201330038695201190051995201240063899900170076200001754520240412074247.0100326s1970 dr r 000 p spa d aDO-SdBNPbspacBNPHU aRD861.44bR934al1 aRuíz Noboa, Altagracía93829613aEl alma dice... /cAltagracía Ruíz Vda. Noboa. aSanto Domingo :b[s.n.],c1970. a73 p. ;c22 cm. aInventariado, 2018/BT 0aPoesía dominicana966 0aLiteratura dominicana.967 aValidado. Control de calidad. MFF 001054708DSaGRbGRcHDd2018-11-16iLF1l0oRD861.44 R934alp17545-30r2020-06-25te.3w2020-06-25yLFDSZPréstamo en sala 0010718PDaPDbPDcHDd2010-03-26iLF1l0oRD861.44 R934alp17545-10r2020-06-25w2020-06-25yLFPDZNo se presta 0010718PDaPDbPDcHDd2011-10-25iLF1l0oRD861.44 R934alp17545-20r2020-06-25te.2w2020-06-25yLFPDZNo se presta c17070d17070